000 00736nam a2200253Ia 4500
003 OSt
005 20220928125038.0
006 a|||||r|||| 00| 0
007 ta
008 220927b |||||||| |||| 00| 0 eng d
020 _c6038.3999999999996
024 _a126190
037 _b222, 12/02/2015, N.R.Book Distributors
_cTextual
040 _aSDCL
_cSDCL
_beng
041 _2eng
_aeng
082 _aG:68, P5
100 _aKornberg Arthur
_9445300
245 0 _aDNA replication
250 _a2nd
260 _aSausalito,California
_bUniversity Science Books
_c2005
300 _axvi;931p
_ccm.
942 _hG:68, P5
_cTEXL
_2CC
999 _c780604
_d780604